A$AP Rocky Songs Alphabet - Statistics

General Stats
  • This quiz has been taken 64 times
    58 since last reset
  • The average score is 15 of 21
Answer Stats
Hint Answer % Correct
P Palace/Peso/Purple swag/PMW/Pain/Phoenix/Pharsyde/Praise the lord/Purity/Pray4dagang/Punk Rocky/Potato salad/Pups/Put that on my set/ Perry Aye/Please shut up/playa
98%
H Houston old head/Hell/Holy ghost/Hun43rd/Helicopter/HIGHJACK
95%
D Demons/Dreams/Distorted records/December 31st/DMB/Doja/dont bedumb
88%
F Fuckin' Problems/Fashion Killa/Fine whine/Fuck sleep/Feels so good/Frat rules/FYBR/Feels so good/fish n steak/flackito jodye
88%
S Sandman/Suddenly/Same problems?/Shittin' me/Sundress/Summerbummer/stole ya flow/stay here 4 life/stop snitching/STFU/swat team
88%
A Acid drip/Angels/A$AP Forever/Arya/Am I dreaming/air force
86%
L Leaf/Long live A$AP/LVL/L$D/Lord pretty flacko jodye 2/Live fast/Loveyourself/Love$ick/London town
86%
J Jodye/JD/Jukebox joints
81%
W Wassup/Wild for the night/Wavybone/West side highway/Who dat boy/Wharf talk/Walk/Wrong/Way Hii/What happens/whiskey
81%
1 1 Train
74%
T Trilla/Tony tone/Trunks/Tailor swif/The god hour/Telephone calls/Twisted/trip baby/the end
74%
E Excuse me/Electric body/Everyday/Energy
72%
R Roll one up/Ruby rosary/RIOT/Reminder/RAF/robbery
67%
B Bass/Brand new guy/Better things/Back home/Buck shots/Brotha man/Black Tux, White collar/Both eyes closed/Babushka boi/Bad company/ Big dawgs/Bachelor/Blowin' minds/Black card/Byf/Bahamas
63%
G Get lit/Goldie/Ghetto symphony/Gunz N Butter/Gangsta/Get the bag
56%
I I come apart/I smoked away my brain/interrogation
53%
C Canal St./CALLDROPS/Changes/Chit chat/Cocky/Cockiness
51%
M Max B/M'$/Mamacita/Mario cart/Money man
47%
O OG Beeper/On GOD/order of protection
47%
K Keep it G/Kids turned out fine
28%
N Nonviolent communication/New choppa/no trespassing
26%
No matching quizzes found
Score Distribution
Percent of People with Each Score
Percentile by Number Answered
Your Score History
You have not taken this quiz since the last reset